000 00321nam a2200145Ia 4500
008 230718s9999 xx 000 0 und d
041 _aEng.
082 _a347
_bCH.-C
100 _aCh. Shehram
245 0 _aCivial major Act
260 _aPakistan
_bPunjab law House
300 _a937
650 _aLaw
999 _c29955
_d29955